[Event "4NCL/Div4/ATH2 vs. CAMB2"]
[Site "West Bromwich ENG"]
[Date "2006.03.18"]
[Round "7.4"]
[White "Gallagher, Ian G"]
[Black "Aniecko, Colin"]
[Result "1-0"]
[WhiteElo "2010"]
[BlackElo "1855"]
[PlyCount "31"]
[EventDate "2006.03.18"]
[EventType "team"]
[EventRounds "11"]
[EventCountry "ENG"]
[SourceDate "2005.10.25"]

1. d4 Nf6 2. Bg5 g6 3. Bxf6 exf6 4. e3 Bg7 5. Ne2 b6 6. Nf4 Bb7 7. h4 O-O 8. h5
Nc6 9. Bc4 Ne7 10. hxg6 hxg6 11. Nxg6 d5 12. Nxe7+ Qxe7 13. Bd3 f5 14. Bxf5 Qg5
15. Qg4 f6 16. Be6+ 1-0

[Event "4NCL/Div4/ATH2 vs. CAMB2"]
[Site "West Bromwich ENG"]
[Date "2006.03.18"]
[Round "7.5"]
[White "Wilson, David"]
[Black "Webster, Peter"]
[Result "1-0"]
[WhiteElo "1765"]
[BlackElo "1995"]
[PlyCount "45"]
[EventDate "2006.03.18"]
[EventType "team"]
[EventRounds "11"]
[EventCountry "ENG"]
[SourceDate "2005.10.25"]

1. e4 e6 2. d4 d5 3. e5 c5 4. Bb5+ Nc6 5. Nf3 Bd7 6. Bxc6 bxc6 7. O-O f6 8. c3
g6 9. Be3 Qb6 10. Qc2 Rb8 11. b3 Rc8 12. exf6 Nxf6 13. Ne5 Rg8 14. Qe2 cxd4 15.
cxd4 c5 16. Nxd7 Nxd7 17. Rd1 Bg7 18. Nc3 Kd8 19. Na4 Qb7 20. Rac1 Bxd4 21.
Bg5+ Bf6 22. Bxf6+ Nxf6 23. Qxe6 1-0

[Event "4NCL/Div4/ATH2 vs. CAMB2"]
[Site "West Bromwich ENG"]
[Date "2006.03.18"]
[Round "7.6"]
[White "Kapadia, Sujit"]
[Black "Hussain, Adrian"]
[Result "1-0"]
[WhiteElo "1875"]
[BlackElo "1735"]
[PlyCount "97"]
[EventDate "2006.03.18"]
[EventType "team"]
[EventRounds "11"]
[EventCountry "ENG"]
[SourceDate "2005.10.25"]

1. d4 Nf6 2. c4 g6 3. Nc3 d5 4. cxd5 Nxd5 5. e4 Nxc3 6. bxc3 Bg7 7. Nf3 O-O 8.
Be3 Nc6 9. Rb1 b6 10. Bd3 a5 11. O-O Bb7 12. Qc2 e6 13. Nd2 Ne7 14. f4 f5 15.
Qb3 Re8 16. Bb5 c6 17. Bc4 Nd5 18. exd5 exd5 19. Rfe1 dxc4 20. Nxc4 Qd5 21.
Nxb6 Qxb3 22. Rxb3 Rab8 23. Nd7 Rbd8 24. Rxb7 Re7 25. Nc5 Ree8 26. Kf2 Bf8 27.
Nd3 Rc8 28. Reb1 Be7 29. Ra7 Bd8 30. Rbb7 Bf6 31. Rxh7 Ra8 32. Rab7 Rab8 33.
Ne5 Rxb7 34. Rxb7 Bxe5 35. fxe5 Re6 36. Ra7 Kf8 37. Rxa5 Ke8 38. Ra7 Kd8 39. a4
Kc8 40. a5 Kb8 41. Rg7 Ka8 42. a6 c5 43. a7 Re8 44. Kf3 cxd4 45. cxd4 f4 46.
Kxf4 g5+ 47. Kf5 g4 48. e6 g3 49. Rxg3 1-0

[Event "4NCL/Div4/PAP vs. MONM"]
[Site "West Bromwich ENG"]
[Date "2006.03.19"]
[Round "8.1"]
[White "Summerscale, Aaron"]
[Black "Varley, Peter"]
[Result "1/2-1/2"]
[WhiteElo "2432"]
[BlackElo "2172"]
[PlyCount "43"]
[EventDate "2006.03.19"]
[EventType "team"]
[EventRounds "11"]
[EventCountry "ENG"]
[SourceDate "2005.10.25"]

1. d4 e6 2. c4 d5 3. Nc3 Nf6 4. cxd5 exd5 5. Bg5 Be7 6. e3 c6 7. Qc2 Nbd7 8.
Bd3 O-O 9. Nge2 Re8 10. O-O Nf8 11. f3 h6 12. Bh4 Ne6 13. Rad1 Nh5 14. Bf2 Bh4
15. Ng3 Nxg3 16. hxg3 Bf6 17. b4 a6 18. Na4 b5 19. Nc5 Nxc5 20. Qxc5 Bb7 21.
Bc2 a5 22. bxa5 1/2-1/2

[Event "4NCL/Div4/PAP vs. MONM"]
[Site "West Bromwich ENG"]
[Date "2006.03.19"]
[Round "8.2"]
[White "Thomas, Jac"]
[Black "Sheldon, Ruth"]
[Result "0-1"]
[WhiteElo "2020"]
[BlackElo "2256"]
[PlyCount "50"]
[EventDate "2006.03.19"]
[EventType "team"]
[EventRounds "11"]
[EventCountry "ENG"]
[SourceDate "2005.10.25"]

1. e4 c5 2. d4 cxd4 3. c3 d3 4. Bxd3 Nc6 5. f4 e5 6. Nf3 Nf6 7. O-O Bc5+ 8. Kh1
d6 9. Qe2 Qc7 10. f5 h6 11. a4 a6 12. g4 Bd7 13. g5 hxg5 14. Bxg5 Nh5 15. Qg2
Ne7 16. Bxe7 Kxe7 17. Qg5+ f6 18. Qg4 g5 19. Bc4 Nf4 20. Ne1 Rh4 21. Qg3 Rah8
22. Nf3 Rh3 23. Qg4 Be8 24. Nd4 Rxh2+ 25. Kg1 Rg2+ 0-1

[Event "4NCL/Div4/PAP vs. MONM"]
[Site "West Bromwich ENG"]
[Date "2006.03.19"]
[Round "8.3"]
[White "Forbes, Cathy"]
[Black "Beveridge, Nigel K"]
[Result "0-1"]
[WhiteElo "2075"]
[BlackElo "2050"]
[PlyCount "84"]
[EventDate "2006.03.19"]
[EventType "team"]
[EventRounds "11"]
[EventCountry "ENG"]
[SourceDate "2005.10.25"]

1. d4 Nf6 2. Bf4 d6 3. Nd2 Nbd7 4. Ngf3 g6 5. e4 Bg7 6. Bc4 Nb6 7. Bb3 O-O 8.
O-O c6 9. c3 d5 10. exd5 cxd5 11. h3 Bf5 12. Re1 Rc8 13. Ne5 Ne4 14. Nxe4 Bxe4
15. a4 Bf5 16. Qf3 a5 17. g4 Be6 18. Re2 Nc4 19. Bxc4 dxc4 20. Qxb7 Bd5 21. Qd7
f6 22. Qxd8 Rfxd8 23. Nxc4 Rxc4 24. Rxe7 Bc6 25. Rc7 Rd7 26. Rc8+ Kf7 27. Rc1
Bd5 28. Rc5 Rxc5 29. dxc5 Bb3 30. c6 Rd8 31. c7 Rc8 32. c4 Bf8 33. c5 Ke6 34.
Rc3 Bd5 35. Kf1 f5 36. gxf5+ Kxf5 37. Bg3 Bg7 38. Re3 Bxb2 39. Re7 h5 40. Rd7
Be6 41. Rd6 Be5 42. Ra6 Bc4+ 0-1

[Event "4NCL/Div4/PAP vs. MONM"]
[Site "West Bromwich ENG"]
[Date "2006.03.19"]
[Round "8.4"]
[White "Waterfield, John"]
[Black "Lang, Heather"]
[Result "1/2-1/2"]
[WhiteElo "2035"]
[BlackElo "2040"]
[PlyCount "35"]
[EventDate "2006.03.19"]
[EventType "team"]
[EventRounds "11"]
[EventCountry "ENG"]
[SourceDate "2005.10.25"]

1. e4 e5 2. f4 Bc5 3. Nf3 d6 4. Bc4 Nf6 5. d3 c6 6. c3 Nbd7 7. d4 exd4 8. cxd4
Bb4+ 9. Bd2 Bxd2+ 10. Nbxd2 d5 11. exd5 Nxd5 12. Bxd5 cxd5 13. O-O O-O 14. Ne5
f6 15. Nxd7 Qxd7 16. Re1 b6 17. Qe2 a5 18. Rac1 1/2-1/2

[Event "4NCL/Div4/PAP vs. MONM"]
[Site "West Bromwich ENG"]
[Date "2006.03.19"]
[Round "8.5"]
[White "Kieran, Rosalind A"]
[Black "Thomas, Kevin"]
[Result "1-0"]
[WhiteElo "2015"]
[BlackElo "1955"]
[PlyCount "41"]
[EventDate "2006.03.19"]
[EventType "team"]
[EventRounds "11"]
[EventCountry "ENG"]
[SourceDate "2005.10.25"]

1. e4 e5 2. Nf3 Nc6 3. Bc4 Bc5 4. c3 Nf6 5. d3 d6 6. Nbd2 O-O 7. O-O a5 8. Re1
Bg4 9. Nf1 Ne7 10. Ng3 c6 11. Bb3 Ng6 12. h3 a4 13. Bc2 Be6 14. a3 Nf4 15. d4
Qc8 16. dxc5 Bxh3 17. Nf5 Bxf5 18. exf5 dxc5 19. Rxe5 Rd8 20. Qf1 N6d5 21. c4
1-0

[Event "4NCL/Div4/PAP vs. MONM"]
[Site "West Bromwich ENG"]
[Date "2006.03.19"]
[Round "8.6"]
[White "Lazarus, Sam"]
[Black "Summerscale, Claire E"]
[Result "0-1"]
[WhiteElo "1745"]
[BlackElo "1990"]
[PlyCount "88"]
[EventDate "2006.03.19"]
[EventType "team"]
[EventRounds "11"]
[EventCountry "ENG"]
[SourceDate "2005.10.25"]

1. e4 c6 2. d4 d5 3. exd5 cxd5 4. Bd3 Nc6 5. c3 Nf6 6. Nf3 g6 7. Bg5 Bg7 8. O-O
O-O 9. Nbd2 Re8 10. Qc2 Qc7 11. Rae1 a5 12. Ne5 Nxe5 13. dxe5 Ng4 14. f4 Qc5+
15. Kh1 Nf2+ 16. Rxf2 Qxf2 17. Rf1 Qb6 18. Qa4 Qd8 19. Bb5 Rf8 20. Qa3 f6 21.
Bh4 Bd7 22. Bd3 Bc6 23. f5 g5 24. exf6 exf6 25. Bf2 Re8 26. Qb3 a4 27. Qd1 Qd7
28. h4 h6 29. Kh2 Bb5 30. Nf3 Bxd3 31. Qxd3 gxh4 32. Nxh4 Qc7+ 33. Bg3 Qc4 34.
Qxc4 dxc4 35. Rf4 b5 36. Rf2 a3 37. Nf3 Bf8 38. Nd4 Bc5 39. Rd2 Red8 40. Bf2 b4
41. cxb4 axb2 42. Rxb2 Bxd4 43. Bxd4 Rxd4 44. b5 c3 0-1

[Event "4NCL/Div4/OXF2 vs. GUI4"]
[Site "West Bromwich ENG"]
[Date "2006.03.19"]
[Round "8.1"]
[White "Rawlinson, Aidan"]
[Black "Punnett, Alan K"]
[Result "1/2-1/2"]
[WhiteElo "2160"]
[BlackElo "2155"]
[PlyCount "107"]
[EventDate "2006.03.19"]
[EventType "team"]
[EventRounds "11"]
[EventCountry "ENG"]
[SourceDate "2005.10.25"]

1. e4 e6 2. d4 d5 3. Nc3 Bb4 4. e5 c5 5. a3 Bxc3+ 6. bxc3 Qc7 7. Qg4 f5 8. Qh5+
g6 9. Qd1 Bd7 10. Nf3 Ba4 11. c4 Ne7 12. cxd5 Nxd5 13. dxc5 Qxc5 14. Bd3 Nc6
15. O-O O-O-O 16. Qe1 h6 17. Bd2 g5 18. Bb4 Qb6 19. Bd6 Qa5 20. Qxa5 Nxa5 21.
Nd4 Kd7 22. Rfd1 Nf4 23. Bf1 Nc6 24. Rab1 b6 25. Nb3 Nd5 26. Rd2 Ke8 27. Re1
Kf7 28. g3 Nde7 29. Nc1 Nc8 30. f4 gxf4 31. gxf4 Rhg8+ 32. Kf2 Rg4 33. Ne2 Bb5
34. h3 Rgg8 35. Bg2 Nxd6 36. exd6 Kf6 37. Nc3 Rxg2+ 38. Kxg2 Ba6 39. Kf2 Na5
40. Rd4 Nb7 41. Red1 Nc5 42. Na4 Ne4+ 43. Ke3 Rg8 44. Rxe4 fxe4 45. Kxe4 Rd8
46. Nc3 Bb7+ 47. Ke3 Bc6 48. Ne4+ Kf5 49. Ng3+ Kf6 50. h4 Rg8 51. Ne4+ Kf5 52.
d7 Rd8 53. Nd6+ Kf6 54. Ne4+ 1/2-1/2

[Event "4NCL/Div4/OXF2 vs. GUI4"]
[Site "West Bromwich ENG"]
[Date "2006.03.19"]
[Round "8.2"]
[White "Allinson, Julian"]
[Black "Starkie, Ray"]
[Result "1-0"]
[WhiteElo "2205"]
[BlackElo "2165"]
[PlyCount "49"]
[EventDate "2006.03.19"]
[EventType "team"]
[EventRounds "11"]
[EventCountry "ENG"]
[SourceDate "2005.10.25"]

1. d4 d5 2. Nf3 Nc6 3. c4 Bg4 4. cxd5 Bxf3 5. gxf3 Qxd5 6. e3 e6 7. Nc3 Bb4 8.
Bd2 Qh5 9. Bg2 Nge7 10. f4 Qxd1+ 11. Rxd1 O-O-O 12. Rg1 Rhg8 13. Ke2 Kb8 14.
Ne4 Bxd2 15. Rxd2 h6 16. h4 Nf5 17. h5 Nce7 18. Bh1 Nd5 19. Nc5 c6 20. Nd3 Nf6
21. Ne5 Rgf8 22. b4 Nd5 23. Rc1 Nxb4 24. Rb2 a5 25. a3 1-0

[Event "4NCL/Div4/OXF2 vs. GUI4"]
[Site "West Bromwich ENG"]
[Date "2006.03.19"]
[Round "8.3"]
[White "Hackett, David G"]
[Black "Horton, Justin"]
[Result "1/2-1/2"]
[WhiteElo "2190"]
[BlackElo "2110"]
[PlyCount "27"]
[EventDate "2006.03.19"]
[EventType "team"]
[EventRounds "11"]
[EventCountry "ENG"]
[SourceDate "2005.10.25"]

1. e4 e5 2. Nf3 Nc6 3. Bb5 a6 4. Bxc6 dxc6 5. O-O Qf6 6. d4 exd4 7. Qxd4 Qxd4
8. Nxd4 Bd7 9. Be3 O-O-O 10. Nd2 Nf6 11. f3 c5 12. N4b3 b6 13. Rfd1 Be7 14. a4
1/2-1/2

[Event "4NCL/Div4/OXF2 vs. GUI4"]
[Site "West Bromwich ENG"]
[Date "2006.03.19"]
[Round "8.4"]
[White "Dekker, Alain"]
[Black "Bruce, Dave"]
[Result "0-1"]
[WhiteElo "2070"]
[BlackElo "2015"]
[PlyCount "48"]
[EventDate "2006.03.19"]
[EventType "team"]
[EventRounds "11"]
[EventCountry "ENG"]
[SourceDate "2005.10.25"]

1. e4 e6 2. d4 d5 3. Nc3 Bb4 4. e5 c5 5. a3 Bxc3+ 6. bxc3 Ne7 7. Qg4 Qc7 8.
Qxg7 Rg8 9. Qxh7 cxd4 10. Kd1 dxc3 11. Nf3 Nbc6 12. Ng5 Rf8 13. f4 Qb6 14. Bd3
Bd7 15. Qh5 O-O-O 16. Nh7 Rh8 17. Qf3 Nf5 18. Ng5 Rxh2 19. Rxh2 Qg1+ 20. Qf1
Qxh2 21. Bxf5 exf5 22. Nxf7 Qh5+ 23. Qf3 Qxf7 24. Qxc3 Qh5+ 0-1

[Event "4NCL/Div4/OXF2 vs. GUI4"]
[Site "West Bromwich ENG"]
[Date "2006.03.19"]
[Round "8.5"]
[White "Morris, Graham"]
[Black "Stimpson, Philip M"]
[Result "1/2-1/2"]
[WhiteElo "2025"]
[BlackElo "2090"]
[PlyCount "79"]
[EventDate "2006.03.19"]
[EventType "team"]
[EventRounds "11"]
[EventCountry "ENG"]
[SourceDate "2005.10.25"]

1. e4 d5 2. exd5 Nf6 3. d4 Bg4 4. f3 Bf5 5. Bb5+ Nbd7 6. c4 a6 7. Ba4 b5 8.
cxb5 Nxd5 9. Bd2 N7b6 10. bxa6+ Nxa4 11. Qxa4+ Qd7 12. Qxd7+ Kxd7 13. Ne2 e6
14. Ng3 Bd3 15. Ne4 Rxa6 16. Kf2 f5 17. Ng5 Bd6 18. Nc3 Rb8 19. Nxd5 Rxb2 20.
Rhd1 exd5 21. g3 Bc4 22. Kg1 Rbxa2 23. Rxa2 Rxa2 24. Be1 h6 25. Nf7 Be2 26. Rd2
Rxd2 27. Bxd2 Bxf3 28. Nxd6 Kxd6 29. Bf4+ Kc6 30. Kf2 Be4 31. Be5 g6 32. Bg7 h5
33. Ke3 Kb5 34. Kf4 c5 35. dxc5 Kxc5 36. Ke3 g5 37. Bf6 h4 38. Bxg5 hxg3 39.
hxg3 d4+ 40. Kd2 1/2-1/2

[Event "4NCL/Div4/OXF2 vs. GUI4"]
[Site "West Bromwich ENG"]
[Date "2006.03.19"]
[Round "8.6"]
[White "Smart, Michael R"]
[Black "Ludbrook, Matt"]
[Result "1/2-1/2"]
[WhiteElo "2070"]
[BlackElo "2050"]
[PlyCount "25"]
[EventDate "2006.03.19"]
[EventType "team"]
[EventRounds "11"]
[EventCountry "ENG"]
[SourceDate "2005.10.25"]

1. e4 e6 2. d4 d5 3. Nd2 c5 4. exd5 exd5 5. Bb5+ Bd7 6. Qe2+ Qe7 7. Bxd7+ Nxd7
8. dxc5 Nxc5 9. Qxe7+ Bxe7 10. Ngf3 Nf6 11. O-O O-O 12. Nd4 Rfe8 13. N2f3
1/2-1/2

[Event "4NCL/Div4/SCS vs. NOTT1"]
[Site "West Bromwich ENG"]
[Date "2006.03.19"]
[Round "8.1"]
[White "Moyse, Nigel"]
[Black "Richmond, Robert J"]
[Result "0-1"]
[WhiteElo "2160"]
[BlackElo "2190"]
[PlyCount "78"]
[EventDate "2006.03.19"]
[EventType "team"]
[EventRounds "11"]
[EventCountry "ENG"]
[SourceDate "2005.10.25"]

1. d4 Nf6 2. Bg5 d5 3. Bxf6 exf6 4. e3 Be6 5. Ne2 Bd6 6. Nd2 O-O 7. Ng3 f5 8.
f4 Nd7 9. Bd3 g6 10. Nf3 Nf6 11. Ng5 Qe7 12. O-O Bd7 13. Qd2 Rfe8 14. Rfe1 c5
15. c3 c4 16. Bc2 b5 17. Qf2 b4 18. Nf1 bxc3 19. bxc3 Rab8 20. Rab1 h6 21. Nf3
Ne4 22. Bxe4 Qxe4 23. Rb2 Qd3 24. Reb1 Qxc3 25. Rxb8 Rxb8 26. Rxb8+ Bxb8 27.
Qh4 Qa5 28. Qxh6 Qd8 29. Ng5 Qf6 30. Qh7+ Kf8 31. Qh4 Ke8 32. Qe1 Bc7 33. Qb4
Qb6 34. Qxb6 Bxb6 35. Kf2 c3 36. Ke1 Bb5 37. Ng3 Ba5 38. Kd1 Bb4 39. Kc1 Bd3
0-1

[Event "4NCL/Div4/SCS vs. NOTT1"]
[Site "West Bromwich ENG"]
[Date "2006.03.19"]
[Round "8.2"]
[White "Mercs, Peter J"]
[Black "Reynolds, D Ian"]
[Result "1/2-1/2"]
[WhiteElo "2110"]
[BlackElo "2125"]
[PlyCount "108"]
[EventDate "2006.03.19"]
[EventType "team"]
[EventRounds "11"]
[EventCountry "ENG"]
[SourceDate "2005.10.25"]

1. e4 e5 2. Bc4 Nf6 3. d3 Bc5 4. Nf3 Nc6 5. O-O O-O 6. c3 d6 7. a4 a6 8. a5 h6
9. Nbd2 Bg4 10. Re1 Ne7 11. Nf1 c6 12. Bb3 b5 13. h3 Bh5 14. Ng3 Bg6 15. Nh4
Qd7 16. Qf3 Nh7 17. Nxg6 Nxg6 18. Nf5 Ne7 19. Nxe7+ Qxe7 20. Be3 Ng5 21. Qf5
Ne6 22. Bxc5 Nxc5 23. Bc2 g6 24. Qg4 Qg5 25. Qxg5 hxg5 26. d4 Ne6 27. dxe5 dxe5
28. Rad1 Rfd8 29. b4 Kf8 30. Bb3 Ke7 31. g3 Rxd1 32. Rxd1 Rd8 33. Rxd8 Nxd8 34.
c4 Kd6 35. c5+ Ke7 36. Kg2 Ne6 37. Bxe6 Kxe6 38. Kf3 f6 39. Kg4 Kf7 40. f4 exf4
41. gxf4 gxf4 42. Kxf4 Ke6 43. h4 g5+ 44. hxg5 fxg5+ 45. Kxg5 Ke5 46. Kg6 Kxe4
47. Kf6 Kd5 48. Ke7 Kc4 49. Kd6 Kxb4 50. Kxc6 Kxa5 51. Kd5 b4 52. Kc4 b3 53.
Kxb3 Kb5 54. Ka2 Kxc5 1/2-1/2

[Event "4NCL/Div4/SCS vs. NOTT1"]
[Site "West Bromwich ENG"]
[Date "2006.03.19"]
[Round "8.3"]
[White "Lutton, E Josiah"]
[Black "Truman, Richard G"]
[Result "1/2-1/2"]
[WhiteElo "2125"]
[BlackElo "2070"]
[PlyCount "51"]
[EventDate "2006.03.19"]
[EventType "team"]
[EventRounds "11"]
[EventCountry "ENG"]
[SourceDate "2005.10.25"]

1. e4 c5 2. Nc3 Nc6 3. f4 g6 4. Nf3 Bg7 5. Bb5 Nd4 6. Bd3 d6 7. Nxd4 cxd4 8.
Ne2 e6 9. c3 dxc3 10. bxc3 d5 11. e5 f6 12. Bb5+ Bd7 13. Bxd7+ Qxd7 14. d4 Ne7
15. O-O O-O 16. Ba3 Rf7 17. Rb1 b6 18. Qb3 Nf5 19. Rf3 Rc8 20. Rbf1 Rc4 21. Nc1
Qc7 22. g4 Ne7 23. Bd6 Qd7 24. Nd3 f5 25. g5 Nc6 26. Nb2 1/2-1/2

[Event "4NCL/Div4/SCS vs. NOTT1"]
[Site "West Bromwich ENG"]
[Date "2006.03.19"]
[Round "8.4"]
[White "Levens, David"]
[Black "Kilpatrick, Callum"]
[Result "1/2-1/2"]
[WhiteElo "2025"]
[BlackElo "2070"]
[PlyCount "35"]
[EventDate "2006.03.19"]
[EventType "team"]
[EventRounds "11"]
[EventCountry "ENG"]
[SourceDate "2005.10.25"]

1. e4 c5 2. Nf3 d6 3. d4 cxd4 4. Nxd4 Nf6 5. Nc3 a6 6. Be3 e5 7. Nf5 d5 8. Bg5
d4 9. Bxf6 gxf6 10. Bc4 Bxf5 11. exf5 dxc3 12. Bxf7+ Ke7 13. Qh5 Qd2+ 14. Kf1
cxb2 15. Rd1 Qh6 16. Qf3 Kxf7 17. Qd5+ Ke8 18. Qd8+ 1/2-1/2

[Event "4NCL/Div4/SCS vs. NOTT1"]
[Site "West Bromwich ENG"]
[Date "2006.03.19"]
[Round "8.5"]
[White "Heard, Andrew H"]
[Black "Burke, Steven J"]
[Result "1/2-1/2"]
[WhiteElo "2030"]
[BlackElo "2065"]
[PlyCount "53"]
[EventDate "2006.03.19"]
[EventType "team"]
[EventRounds "11"]
[EventCountry "ENG"]
[SourceDate "2005.10.25"]

1. c4 d6 2. Nc3 g6 3. d4 Bg7 4. e4 Nf6 5. Be2 O-O 6. Be3 Nc6 7. h4 e5 8. d5 Ne7
9. h5 c6 10. Nh3 cxd5 11. cxd5 Qa5 12. Qd2 Bxh3 13. Rxh3 Rfc8 14. hxg6 fxg6 15.
Bg5 Rf8 16. O-O-O Qc5 17. Bf3 b5 18. Kb1 Qc4 19. Bxf6 Rxf6 20. Be2 Qc5 21. f3
a6 22. Rdh1 h5 23. Rc1 Rc8 24. Nd1 Qxc1+ 25. Qxc1 Rxc1+ 26. Kxc1 Rf8 27. Kd2
1/2-1/2

[Event "4NCL/Div4/SCS vs. NOTT1"]
[Site "West Bromwich ENG"]
[Date "2006.03.19"]
[Round "8.6"]
[White "Lakhani, Kishan"]
[Black "Lowry-O'Reilly, Hannah"]
[Result "1-0"]
[WhiteElo "2010"]
[BlackElo "1790"]
[PlyCount "91"]
[EventDate "2006.03.19"]
[EventType "team"]
[EventRounds "11"]
[EventCountry "ENG"]
[SourceDate "2005.10.25"]

1. e4 c5 2. Nf3 d6 3. c3 Nc6 4. Be2 g6 5. O-O Bg7 6. d3 Nf6 7. h3 Be6 8. d4
cxd4 9. cxd4 Bd7 10. d5 Nb4 11. Nc3 Qc7 12. Be3 Na6 13. Rc1 Qa5 14. Qb3 Qb4 15.
Qxb4 Nxb4 16. Nb5 O-O 17. Nc7 Rac8 18. a3 Na6 19. Nxa6 bxa6 20. Bxa6 Rxc1 21.
Rxc1 Nxe4 22. Rc7 Rd8 23. b4 Bb2 24. Rxa7 Nf6 25. Bb7 Rb8 26. Bb6 Bb5 27. a4
Bc4 28. Bc7 Rf8 29. b5 Nxd5 30. Bxd5 Bxd5 31. a5 Ba3 32. b6 Bc5 33. Ne1 Kg7 34.
Nd3 Bd4 35. Nb4 Be4 36. Kf1 Kf6 37. f3 Bf5 38. Nc6 Bc5 39. Bd8 d5 40. Bxe7+
Bxe7 41. Rxe7 Bd3+ 42. Kf2 Bb5 43. Rc7 Re8 44. b7 Bxc6 45. Rxc6+ Ke7 46. Rc8
1-0

[Event "4NCL/Div4/SUFFP vs. MET"]
[Site "West Bromwich ENG"]
[Date "2006.03.19"]
[Round "8.1"]
[White "Munson, Shaun D"]
[Black "Noden, Nicolas"]
[Result "1/2-1/2"]
[WhiteElo "2225"]
[BlackElo "2150"]
[PlyCount "96"]
[EventDate "2006.03.19"]
[EventType "team"]
[EventRounds "11"]
[EventCountry "ENG"]
[SourceDate "2005.10.25"]

1. d4 d6 2. Nc3 g6 3. e4 Bg7 4. Bg5 Nd7 5. Qd2 c5 6. Nf3 cxd4 7. Nxd4 Qa5 8.
Be3 Ngf6 9. f3 O-O 10. Nb3 Qc7 11. Nb5 Qb8 12. a4 Ne5 13. Qf2 b6 14. Nc3 Be6
15. Nd4 Bd7 16. Ba6 Qc7 17. O-O Nc6 18. Ncb5 Qb8 19. Nxc6 Bxc6 20. Nd4 Bb7 21.
Bd3 d5 22. e5 Qxe5 23. Nb5 Qb8 24. Bg5 Re8 25. Qh4 a6 26. Nc3 Qd6 27. Rfe1 e5
28. Kh1 Nd7 29. Rad1 Qc6 30. Nxd5 Qxd5 31. Bxa6 Rxa6 32. Rxd5 Bxd5 33. Rd1 Be6
34. Qb4 Rea8 35. b3 Nc5 36. h3 Bf5 37. Rd2 e4 38. g4 Bd7 39. fxe4 Bc6 40. Qc4
Bxe4+ 41. Kg1 Bb7 42. Re2 Ne6 43. Rxe6 fxe6 44. Qxe6+ Kh8 45. Bf6 Rf8 46. Bxg7+
Kxg7 47. Qe5+ Kg8 48. Qe6+ Kg7 1/2-1/2

[Event "4NCL/Div4/SUFFP vs. MET"]
[Site "West Bromwich ENG"]
[Date "2006.03.19"]
[Round "8.2"]
[White "Calvert, D Ian"]
[Black "Gregory, Stephen J"]
[Result "1/2-1/2"]
[WhiteElo "2075"]
[BlackElo "2155"]
[PlyCount "58"]
[EventDate "2006.03.19"]
[EventType "team"]
[EventRounds "11"]
[EventCountry "ENG"]
[SourceDate "2005.10.25"]

1. b3 e5 2. Bb2 Nc6 3. e3 Nf6 4. Nf3 d6 5. d4 exd4 6. Nxd4 Be7 7. Bb5 Bd7 8.
Bxc6 bxc6 9. Qf3 d5 10. Nf5 Bxf5 11. Qxf5 O-O 12. Nd2 Rb8 13. O-O c5 14. e4 g6
15. Qf3 d4 16. Nc4 Nh5 17. Rad1 Ng7 18. Bc1 f5 19. Bh6 fxe4 20. Qxe4 Bf6 21.
Qc6 Be7 22. Qe4 Bd6 23. Bxg7 Kxg7 24. Nxd6 cxd6 25. Rfe1 Re8 26. Qxe8 Qxe8 27.
Rxe8 Rxe8 28. Kf1 Kf7 29. Re1 Rb8 1/2-1/2

[Event "4NCL/Div4/SUFFP vs. MET"]
[Site "West Bromwich ENG"]
[Date "2006.03.19"]
[Round "8.3"]
[White "Wallis, Ian"]
[Black "Fogarasi, Norbert"]
[Result "0-1"]
[WhiteElo "2100"]
[BlackElo "2120"]
[PlyCount "28"]
[EventDate "2006.03.19"]
[EventType "team"]
[EventRounds "11"]
[EventCountry "ENG"]
[SourceDate "2005.10.25"]

1. e4 c5 2. f4 d5 3. exd5 Qxd5 4. Nc3 Qd8 5. Nf3 Nc6 6. Bb5 Bd7 7. Qe2 Nf6 8.
Ne5 Nd4 9. Qc4 e6 10. Nxd7 Nxd7 11. Ne4 a6 12. Bxd7+ Qxd7 13. a4 Qd5 14. Qd3 c4
0-1

[Event "4NCL/Div4/SUFFP vs. MET"]
[Site "West Bromwich ENG"]
[Date "2006.03.19"]
[Round "8.4"]
[White "Djabri, Zafer M"]
[Black "Gray, Mark S"]
[Result "1-0"]
[WhiteElo "2080"]
[BlackElo "2105"]
[PlyCount "111"]
[EventDate "2006.03.19"]
[EventType "team"]
[EventRounds "11"]
[EventCountry "ENG"]
[SourceDate "2005.10.25"]

1. c4 Nf6 2. Nc3 e6 3. e4 d5 4. e5 d4 5. exf6 dxc3 6. bxc3 Qxf6 7. Nf3 e5 8. d4
exd4 9. Bg5 Qe6+ 10. Be2 f6 11. Nxd4 Qf7 12. Bh6 Bd6 13. Bh5 g6 14. Be2 Na6 15.
Rb1 Nc5 16. Nb5 Bf5 17. Nxd6+ cxd6 18. Rb2 O-O-O 19. Be3 Be4 20. O-O h5 21. Rd2
Qe6 22. Re1 Bc6 23. Bf4 Qf5 24. Rd4 d5 25. Bf3 Ba4 26. Qe2 Rhe8 27. Be3 Bc6 28.
cxd5 Bxd5 29. Bxd5 Rxd5 30. Qb5 Rde5 31. Rc4 b6 32. Rb1 R8e7 33. a4 Qd7 34. Qb4
Re4 35. Rxc5+ Kd8 36. Rc4 Qf5 37. Rxe4 Rxe4 38. Qd6+ Kc8 39. Rd1 Rc4 40. Qd8+
Kb7 41. Qd7+ Qxd7 42. Rxd7+ Kc6 43. Rxa7 Rxc3 44. g3 Ra3 45. Ra6 Rxe3 46. fxe3
Kb7 47. Rxb6+ Kxb6 48. Kf2 Ka5 49. Kf3 Kxa4 50. Ke4 Kb4 51. Kd5 Kc3 52. Ke6 f5
53. Kf6 Kd3 54. Kxg6 Kxe3 55. Kxf5 h4 56. gxh4 1-0

[Event "4NCL/Div4/SUFFP vs. MET"]
[Site "West Bromwich ENG"]
[Date "2006.03.19"]
[Round "8.5"]
[White "Feavyour, John"]
[Black "Dickson, George"]
[Result "1/2-1/2"]
[WhiteElo "2035"]
[BlackElo "2090"]
[PlyCount "76"]
[EventDate "2006.03.19"]
[EventType "team"]
[EventRounds "11"]
[EventCountry "ENG"]
[SourceDate "2005.10.25"]

1. d4 f5 2. Nf3 Nf6 3. g3 g6 4. Bg2 Bg7 5. O-O O-O 6. c4 d6 7. Nc3 Nc6 8. e3 e5
9. d5 Ne7 10. Rb1 h6 11. b4 g5 12. c5 f4 13. exf4 gxf4 14. gxf4 exf4 15. Bb2
dxc5 16. bxc5 Nfxd5 17. Nxd5 Qxd5 18. Nd4 f3 19. Nxf3 Qxd1 20. Rfxd1 Bxb2 21.
Rxb2 Bg4 22. Rd3 Rf5 23. Rxb7 Rxc5 24. h3 Bf5 25. Re3 Ng6 26. Nd4 Rf8 27. Rg3
Kh7 28. Nxf5 Rfxf5 29. Be4 Rg5 30. Rxa7 Rxg3+ 31. fxg3 Kg7 32. Ra6 Ne5 33. Kf2
c6 34. Ra7+ Kf6 35. a4 Rc4 36. Bb1 Rb4 37. Bh7 Rb2+ 38. Ke3 Rb3+ 1/2-1/2

[Event "4NCL/Div4/SUFFP vs. MET"]
[Site "West Bromwich ENG"]
[Date "2006.03.19"]
[Round "8.6"]
[White "Djabri, Katherine"]
[Black "Clapham, Michael"]
[Result "1/2-1/2"]
[WhiteElo "2065"]
[BlackElo "2005"]
[PlyCount "35"]
[EventDate "2006.03.19"]
[EventType "team"]
[EventRounds "11"]
[EventCountry "ENG"]
[SourceDate "2005.10.25"]

1. e4 d5 2. exd5 Nf6 3. d4 Bg4 4. Be2 Bxe2 5. Nxe2 Qxd5 6. O-O Nc6 7. c3 O-O-O
8. Qa4 e6 9. Nd2 Bd6 10. Nf3 h6 11. c4 Qh5 12. Ng3 Bxg3 13. fxg3 Qa5 14. Qxa5
Nxa5 15. b3 Nc6 16. Bb2 Rd7 17. h3 Rhd8 18. Kh2 1/2-1/2